Fijación biológica del nitrógeno atmosférico /
Guardado en:
| Autor Principal: | |
|---|---|
| Otros Autores: | |
| Formato: | Libro |
| Idioma: | Spanish |
| Publicado: |
San Miguel de Tucumán :
el autor,
2006.
|
| Etiquetas: |
Agregar Etiqueta
Sin Etiquetas, Sea el primero en etiquetar este registro!
|
| LEADER | 00553nam a22001575a 4500 | ||
|---|---|---|---|
| 001 | EEA.libagro007600 | ||
| 005 | 20170605111715.0 | ||
| 008 | 130809s2006####ag#a##########000#0#spa#d | ||
| 020 | |a 9870507409 | ||
| 082 | 0 | 4 | |a 631.847 |
| 100 | 1 | |a Bellone, Carlos Hugo. | |
| 245 | 1 | 0 | |a Fijación biológica del nitrógeno atmosférico / |c Carlos Hugo Bellone, Silvia Carrizo de Bellone. |
| 260 | |a San Miguel de Tucumán : |b el autor, |c 2006. | ||
| 300 | |a 223 p. : |b il. ; |c 24 cm. | ||
| 700 | 1 | |a Carrizo de Bellone, Silvia. | |
| 859 | |a AR-BbBCA |b BIB. AGRONOMIA |h 631.847 |i B447 |p 2006/4989 | ||
